Every City in Oregon on a Map - Statistics

General Stats
  • This quiz has been taken 10,458 times
  • The average score is 47 of 241
Answers on the Map
Answers color-coded by a green-red scale on the quiz's map according to % correct below.
 
Answer Stats
Population City % Correct
653,115 Portland
98%
173,442 Salem
88%
171,245 Eugene
83%
97,590 Bend
74%
98,962 Beaverton
57%
9,976 Astoria
56%
58,641 Corvallis
56%
82,347 Medford
56%
62,979 Springfield
55%
9,018 Lincoln City
50%
110,158 Gresham
48%
108,389 Hillsboro
47%
16,415 Coos Bay
46%
37,129 Oregon City
46%
38,191 Grants Pass
44%
21,536 Klamath Falls
44%
54,453 Albany
43%
10,680 Newport
43%
5,311 Tillamook
42%
15,666 The Dalles
41%
21,263 Ashland
39%
54,758 Tigard
39%
7,806 Hood River
38%
39,532 Lake Oswego
38%
30,914 Redmond
38%
16,781 Pendleton
37%
23,379 Roseburg
36%
6,795 Seaside
35%
39,692 Keizer
34%
34,617 McMinnville
34%
9,757 Baker City
33%
11,080 Ontario
33%
9,103 Florence
32%
27,602 Tualatin
31%
2,783 Burns
30%
1,749 Cannon Beach
30%
21,014 Milwaukie
30%
16,701 Dallas
29%
13,271 La Grande
29%
2,747 Sisters
29%
24,582 Wilsonville
29%
3,366 Jefferson
28%
23,844 Newberg
28%
6,465 Brookings
27%
24,624 Forest Grove
27%
17,671 Hermiston
27%
16,379 Troutdale
27%
17,102 Lebanon
26%
6,944 Madras
26%
9,765 North Bend
26%
11,326 Sandy
26%
13,801 St. Helens
26%
26,756 West Linn
26%
26,078 Woodburn
26%
1,665 John Day
25%
10,329 Prineville
25%
3,130 Bandon
24%
17,817 Canby
24%
10,351 Cottage Grove
24%
21,694 Happy Valley
24%
2,293 Gold Beach
23%
10,643 Silverton
23%
7,171 Umatilla
23%
1,105 Joseph
22%
2,313 Lakeview
22%
19,679 Sherwood
22%
9,816 Sweet Home
22%
2,904 Jacksonville
21%
6,182 Junction City
21%
1,900 La Pine
21%
10,503 Monmouth
21%
7,488 Scappoose
21%
224 Detroit
20%
651 Monroe
20%
3,518 Estacada
19%
9,235 Molalla
19%
4,602 Phoenix
19%
4,124 Reedsport
19%
817 Wallowa
19%
5,685 Warrenton
19%
773 Yachats
19%
1,172 Yamhill
19%
1,042 Aurora
18%
2,026 Banks
18%
18,581 Central Point
18%
1,483 Depoe Bay
18%
12,244 Gladstone
18%
10,154 Independence
18%
656 Manzanita
18%
4,839 Philomath
18%
2,212 Union
18%
355 Adams
17%
1,169 Cascade Locks
17%
1,954 Cave Junction
17%
12,724 Cornelius
17%
5,489 Creswell
17%
9,408 Eagle Point
17%
1,963 Enterprise
17%
7,053 Milton-Freewater
17%
6,541 Talent
17%
2,217 Waldport
17%
593 Arlington
16%
3,405 Boardman
16%
3,925 Coquille
16%
2,749 Dayton
16%
3,831 Harrisburg
16%
3,334 Oakridge
16%
1,403 Rockaway Beach
16%
6,206 Sheridan
16%
8,245 Stayton
16%
8,103 Sutherlin
16%
3,627 Toledo
16%
1,825 Vale
16%
5,054 Veneta
16%
2,274 Vernonia
16%
1,801 Brownsville
15%
1,141 Coburg
15%
3,299 Dundee
15%
9,319 Fairview
15%
450 Fossil
15%
3,955 King City
15%
1,148 Port Orford
15%
2,006 Rainier
15%
393 Wasco
15%
5,499 Winston
15%
1,716 Amity
14%
1,391 Bay City
14%
1,949 Canyonville
14%
2,037 Columbia City
14%
818 Garibaldi
14%
1,587 Gearhart
14%
1,785 Lakeside
14%
3,593 Mt. Angel
14%
947 Oakland
14%
2,338 Rogue River
14%
746 Chiloquin
13%
1,832 Clatskanie
13%
1,187 Drain
13%
847 Maywood Park
13%
2,195 North Plains
13%
3,200 Nyssa
13%
437 Wheeler
13%
48 Antelope
12%
2,183 Carlton
12%
642 Dufur
12%
1,931 Durham
12%
2,748 Gervais
12%
1,291 Gold Hill
12%
1,553 Hines
12%
615 Johnson City
12%
4,309 Lafayette
12%
438 Maupin
12%
1,943 Mill City
12%
3,498 Myrtle Creek
12%
983 Scio
12%
3,113 Shady Cove
12%
456 St. Paul
12%
2,962 Sublimity
12%
1,325 Tangent
12%
3,997 Wood Village
12%
4,165 Aumsville
11%
421 Bonanza
11%
694 Condon
11%
1,048 Donald
11%
1,398 Dunes City
11%
715 Gaston
11%
1,289 Heppner
11%
3,550 Hubbard
11%
1,795 Irrigon
11%
175 Jordan Valley
11%
1,137 Lowell
11%
1,259 Lyons
11%
819 Malin
11%
843 Merrill
11%
787 Metolius
11%
2,551 Myrtle Point
11%
295 Nehalem
11%
2,116 Turner
11%
2,243 Willamina
11%
668 Canyon City
10%
1,580 Culver
10%
1,788 Elgin
10%
200 Elkton
10%
1,047 Falls City
10%
508 Gates
10%
896 Glendale
10%
982 Halsey
10%
241 Lexington
10%
2,245 Millersburg
10%
125 Mitchell
10%
1,509 Pilot Rock
10%
1,206 Riddle
10%
1,278 Siletz
10%
870 Adair Village
9%
175 Adrian
9%
1,142 Athena
9%
145 Barlow
9%
144 Dayville
9%
704 Echo
9%
37 Granite
9%
159 Grass Valley
9%
2 Greenhorn
9%
288 Halfway
9%
161 Idanha
9%
316 Moro
9%
459 Mosier
9%
512 Mount Vernon
9%
454 North Powder
9%
240 Paisley
9%
681 Powers
9%
878 Prairie City
9%
150 Spray
9%
2,089 Stanfield
9%
1,078 Yoncalla
9%
643 Cove
8%
415 Haines
8%
435 Huntington
8%
330 Ione
8%
1,034 Island City
8%
217 Lostine
8%
124 Monument
8%
175 Richland
8%
372 Rivergrove
8%
242 Rufus
8%
390 Scotts Mills
8%
39 Shaniko
8%
202 Sumpter
8%
68 Unity
8%
650 Weston
8%
450 Butte Falls
7%
184 Helix
7%
322 Imbler
7%
21 Lonerock
7%
189 Long Creek
7%
52 Prescott
7%
207 Seneca
7%
336 Sodaville
7%
140 Summerville
7%
192 Ukiah
7%
248 Waterloo
7%
265 Westfir
7%
No matching quizzes found
Score Distribution
Percent of People with Each Score
Percentile by Number Answered
Your Score History
You have not taken this quiz